000 00454nam a2200169Ia 4500
005 20240715013853.0
008 240331s9999 xx 000 0 und d
020 _a8171691722
082 _a200.042
_bTAL
100 _aAshrafi, T.A
245 0 _aMuslim women in changing perspective
_cTalat Ara Ashrafi
260 _aNew Delhi
_bCommonwealth Publishers
_c1992
300 _avi, 283 p .,
650 _aMuslim Society
650 _aMuslim Women
942 _cL
999 _c783
_d783